00323 a2200145 450000100060000002000150000604000260002110000190004724000320006624500270009830000070012536200090013244000130014165000230015450382 a8526241397 cAnchieta - Bela Vista aPalaoro, V. J.10aVira-lata, sim senhor!lpor10aVira-lata, sim senhor! a720 a2001 1aScipione 4aLiteratura juvenil